Temoins : essai d'analyse et de critique des souvenirs de combattants edites en Francais de 1915 a 1928

Αποθηκεύτηκε σε:
Λεπτομέρειες βιβλιογραφικής εγγραφής
Κύριος συγγραφέας: Cru, Jean Norton 1879-
Μορφή: Βιβλίο
Γλώσσα:French
Δημοσίευση: Nancy : Universitaires de Nancy, 1993
Σειρά:Temoins et temoignages
Θέματα:
Ετικέτες: Προσθήκη ετικέτας
Δεν υπάρχουν, Καταχωρήστε ετικέτα πρώτοι!

MARC

LEADER 00000nam a2200000 i 4500
001 1/8157
008 961008s1993 fre d
020 |a 2-86480-659-2 
035 |l 10016992 
040 |a GR-MY-UA  |b gre  |e aacr 
041 0 |a fre 
082 0 |a 940.48144 
100 1 |a Cru, Jean Norton  |d 1879- 
245 1 0 |a Temoins :  |b essai d'analyse et de critique des souvenirs de combattants edites en Francais de 1915 a 1928 /  |c Jean Norton Cru 
260 |a Nancy :   |b Universitaires de Nancy,   |c 1993 
300 |a 727 p. 
490 1 |a Temoins et temoignages 
504 |a Includes bibliographical references and index 
650 0 0 |a World War, 1914-1918  |x Personal narratives  |z French  |x Bio-bibliography. 
650 0 0 |a World War, 1914-1918  |z France  |x Literature and the war  |x Bio-bibliography. 
830 0 |a Temoins et temoignages 
852 |a INST  |b LESVOS  |e 19961008  |h 940.48144 CRU  |p 005100006435  |q 005100006435  |t BK  |y 0 
909 |a Λ  |b 033937 
922 |a 1ΕΛΗ  |b 199312  |c ΚΑΡΑΒΑΣ